A Textbook of Electrical Technology Vol.3 : (Record no. 189463)
[ view plain ]
| 000 -LEADER | |
|---|---|
| fixed length control field | 00891 a2200157 4500 |
| 003 - CONTROL NUMBER IDENTIFIER | |
| control field | Nust |
| 005 - DATE AND TIME OF LATEST TRANSACTION | |
| control field | 20221027105049.0 |
| 040 ## - CATALOGING SOURCE | |
| Transcribing agency | Nust |
| 082 ## - DEWEY DECIMAL CLASSIFICATION NUMBER | |
| Classification number | 621.3,THE |
| 100 ## - MAIN ENTRY--PERSONAL NAME | |
| Personal name | B.L., Theraja |
| 9 (RLIN) | 13416 |
| 245 ## - TITLE STATEMENT | |
| Title | A Textbook of Electrical Technology Vol.3 : |
| Remainder of title | Transmission, distribution and utilization / |
| Statement of responsibility, etc. | B.L. Theraja & A.K Theraja |
| 260 ## - PUBLICATION, DISTRIBUTION, ETC. | |
| Place of publication, distribution, etc. | New Delhi |
| Name of publisher, distributor, etc. | S. Chand |
| Date of publication, distribution, etc. | 2000 |
| 505 ## - FORMATTED CONTENTS NOTE | |
| Formatted contents note | D.C. Transmission and Distribution (Page-1569), A.C. Transmission and Distribution (Page-1603), Distribution Automation (Page-1683), Electric Traction (Page-1699), Industrial Applications of Electric Motors (Page-1767), Rating and Service Capacity (Page-1795), Electronic Control of AC Motors (Page-1823), Electric Heating (Page-1833), Electric Welding (Page-1861), Illumination (Page-1893), Tariffs and Economic Considerations (Page-1943), |
| 650 ## - SUBJECT ADDED ENTRY--TOPICAL TERM | |
| Topical term or geographic name entry element | Telecommunication Engineering |
| 942 ## - ADDED ENTRY ELEMENTS (KOHA) | |
| Source of classification or shelving scheme | |
| Koha item type | Book |
| Withdrawn status | Lost status | Source of classification or shelving scheme | Damaged status | Not for loan | Permanent Location | Current Location | Shelving location | Date acquired | Full call number | Barcode | Date last seen | Price effective from | Koha item type | Public note |
|---|---|---|---|---|---|---|---|---|---|---|---|---|---|---|
| Military College of Signals (MCS) | Military College of Signals (MCS) | General Stacks | 12/12/2016 | 621.3,THE | MCS35103 | 12/08/2016 | 12/12/2016 | Book | Almirah No.28, Shelf No.4 |
